000 00684nam a2200241Ia 4500
003 OSt
005 20221007095058.0
006 a|||||r|||| 00| 0
007 ta
008 221006b |||||||| |||| 00| 0 eng d
024 _a812
037 _cTextual
040 _aLCO
_cLCO
_beng
041 _2eng
_aeng
082 _aZ2,81y7y8, M5
100 _aPANDEY C.P. etc.
_9700773
245 0 _aYearly Supreme Court and full bench cases digest, 1984
260 _aDelhi
_bCapital Law House
_c1985
300 _a292+79
650 _aSUPREME COURT AND FULL BENCH CASES
_9700774
942 _hZ2,81y7y8, M5
_cTEXL
999 _c1170375
_d1170375